000 004400000a22001690004500
020 _a84-8280-191-0
041 0 _aSPA
082 0 4 _aG 823.73 S4251i
100 1 _aScott, Walter
245 1 0 _aIvanhoe / Walter Scott ; Guillem d'Efak, Traductor
260 _aBogotá : Oveja Negra
300 _a445 Pag
440 0 _aColección Historia Universal de la Literatura
500 _aTítulo original : Ivanhoe
001 13267
942 _cBK
999 _c42251
_d42251